Thailand Trivia - Statistics

General Stats
  • This quiz has been taken 732 times
  • The average score is 11 of 25
Answer Stats
Topic Answer % Correct
Capital city Bangkok
100%
Currency Baht
92%
Language Thai
72%
Country bordered to the south Malaysia
65%
Biggest island Phuket
64%
Former name until 1939 Siam
63%
National animal Elephant
62%
Most respected religion Buddhism
59%
Border river between Thailand and Laos Mekong River
54%
Official name (___ of Thailand) Kingdom of Thailand
52%
Flag carrier airline Thai Airways International
51%
Number of provinces (except Bangkok) 76
50%
Peninsula where Thailand located Indochina Peninsula
42%
Greeting word Sawasdee
38%
Informal name of northeastern region Isan
37%
Former capital (1350 - 1767) Ayutthaya
36%
The present king King Bhumibol Adulyadej
35%
Main river of the central region Chao Phraya River
31%
Gulf which is part of Pacific Ocean Gulf of Thailand
31%
Thai name for province Changwat
25%
Highest point Doi Inthanon
19%
Time zone GMT+7
19%
Leading actor of 'Tom-Yum-Goong' Tony Jaa
13%
Number of letters in the full name of the capital 169
5%
Former prime minister and author of 'Four Reigns' M.R. Kukrit Pramoj
4%
No matching quizzes found
Score Distribution
Percent of People with Each Score
Percentile by Number Answered
Your Score History
You have not taken this quiz